[Event "Madrid-ch Previa A"]
[Site "Madrid ESP"]
[Date "2014.02.10"]
[Round "4.16"]
[White "Canseco Arenas, Alfonso"]
[Black "Olano Lanchas, Dionisio"]
[Result "0-1"]
[WhiteElo "1721"]
[BlackElo "1761"]
[PlyCount "126"]
[EventDate "2014.02.03"]
[EventType "swiss"]
[EventRounds "9"]
[EventCountry "ESP"]
[Source "lmi"]
[SourceDate "2014.02.03"]

1. c4 e5 2. Nc3 d6 3. g3 Be7 4. Bg2 c6 5. d3 Nf6 6. e4 O-O 7. Nge2 Be6 8. O-O
Qc8 9. f4 Bh3 10. f5 Bxg2 11. Kxg2 h5 12. Ng1 Qc7 13. h3 Nbd7 14. Bg5 Qb6 15.
Rf2 Rfe8 16. g4 hxg4 17. hxg4 Qd8 18. Qf3 Nh7 19. Bxe7 Qxe7 20. Nh3 f6 21. Rh1
a5 22. Kf1 Kf8 23. Rfh2 Qf7 24. Qf2 Ke7 25. Ng1 Ng5 26. Nf3 Nxf3 27. Qxf3 Nc5
28. Rh7 Rg8 29. Ke2 Kd7 30. Qe3 Rae8 31. g5 fxg5 32. Qxg5 Re7 33. Qg4 Kc7 34.
Rg1 Nd7 35. Qf3 Nf6 36. Rh3 Ree8 37. Rgh1 g5 38. fxg6 Qxg6 39. Rh6 Qg2+ 40.
Qxg2 Rxg2+ 41. Kf1 Rd2 42. Rxf6 b5 43. Rh7+ Kb6 44. cxb5 Rxd3 45. Rxd6 Rxd6 46.
bxc6 Kxc6 47. Nd5 Rf8+ 48. Ke2 Kc5 49. b3 Kd4 50. Rh4 Rc6 51. Ne7 Rc2+ 52. Kd1
Rxa2 53. Nf5+ Kc3 54. Rh3+ Kb4 55. Kc1 Rc8+ 56. Kb1 Rcc2 57. Ne3 Rh2 58. Rxh2
Rxh2 59. Nc4 Re2 60. Nxe5 Kxb3 61. Kc1 a4 62. Nd7 a3 63. Kd1 Rh2 0-1

[Event "Madrid-ch Previa A"]
[Site "Madrid ESP"]
[Date "2014.02.10"]
[Round "4.17"]
[White "Morera Rodriguez, Ignacio"]
[Black "Algaba Traspuesto, Jose Antonio"]
[Result "0-1"]
[WhiteElo "1863"]
[BlackElo "1721"]
[PlyCount "74"]
[EventDate "2014.02.03"]
[EventType "swiss"]
[EventRounds "9"]
[EventCountry "ESP"]
[Source "lmi"]
[SourceDate "2014.02.03"]

1. d4 d5 2. c4 e6 3. Nf3 c5 4. e3 Nf6 5. Nc3 Nc6 6. cxd5 Nxd5 7. Nxd5 Qxd5 8.
Bb5 Bd7 9. O-O cxd4 10. Bxc6 Bxc6 11. Qxd4 Qxd4 12. Nxd4 Bd7 13. Bd2 Be7 14.
Rac1 Bf6 15. Bb4 Bxd4 16. exd4 Bc6 17. Rfe1 Kd7 18. f4 Rac8 19. f5 Bd5 20.
fxe6+ fxe6 21. Rc3 b6 22. Rf1 Rxc3 23. bxc3 a5 24. Ba3 Ke8 25. Rb1 Kf7 26. Rxb6
Rc8 27. Bc5 Ra8 28. a3 a4 29. Kf2 Kf6 30. g4 g5 31. Rb4 Bb3 32. Rb7 Rh8 33. Bd6
Kg6 34. Ke3 Rc8 35. Bc5 Re8 36. Ke4 Bd5+ 37. Ke3 Bxb7 0-1

[Event "Madrid-ch Previa A"]
[Site "Madrid ESP"]
[Date "2014.02.10"]
[Round "4.18"]
[White "Lucia Carpintero, Oscar"]
[Black "Cano Mercado, Francisco Manuel"]
[Result "1/2-1/2"]
[WhiteElo "1665"]
[BlackElo "1863"]
[PlyCount "164"]
[EventDate "2014.02.03"]
[EventType "swiss"]
[EventRounds "9"]
[EventCountry "ESP"]
[Source "lmi"]
[SourceDate "2014.02.03"]

1. d4 Nf6 2. Bg5 Ne4 3. Bf4 c5 4. f3 Qa5+ 5. c3 Nf6 6. Nd2 cxd4 7. Nb3 Qb6 8.
Qxd4 Qxd4 9. Nxd4 g6 10. Nb5 Na6 11. e4 Bg7 12. Bc4 O-O 13. Ne2 d6 14. O-O-O
Bd7 15. Be3 Rfc8 16. Bd3 Nc5 17. Nbd4 Nxd3+ 18. Rxd3 b5 19. g4 Be8 20. h4 Nd7
21. h5 Ne5 22. Rdd1 b4 23. hxg6 hxg6 24. Rh4 bxc3 25. Nxc3 Nc4 26. Bh6 Rab8 27.
Bxg7 Kxg7 28. b3 Ne3 29. Rd3 Ng2 30. Rh2 Nf4 31. Re3 e5 32. Nde2 Bb5 33. Kb2
Bxe2 34. Nxe2 Ne6 35. Rc3 Nc5 36. Rc4 a5 37. Nc3 Nd3+ 38. Ka3 Rxc4 39. bxc4 Rb4
40. Nb5 Rxc4 41. Nxd6 Rb4 42. Ne8+ Kf8 43. Nf6 Rd4 44. g5 Nf4 45. Rh8+ Ke7 46.
Re8+ Kd6 47. Rd8+ Kc7 48. Rxd4 exd4 49. Kb3 Kd6 50. Kc4 d3 51. Kc3 Kc5 52. Nd7+
Kd6 53. Nb6 Kc6 54. Nc4 Kb5 55. Ne5 a4 56. Nxf7 a3 57. Ne5 Ne2+ 58. Kd2 Nd4 59.
Kxd3 Ne6 60. Nxg6 Nxg5 61. f4 Nf7 62. e5 Kc5 63. e6 Nd6 64. e7 Kd5 65. Kc3 Ke6
66. Kb3 Kf7 67. Ne5+ Kxe7 68. Kxa3 Nb5+ 69. Kb4 Nd4 70. a4 Kd6 71. a5 Ne6 72.
a6 Nxf4 73. a7 Nd5+ 74. Ka5 Nc7 75. Kb6 Na8+ 76. Kb7 Nc7 77. Nc4+ Kd7 78. Nb6+
Kd8 79. Nd5 Na8 80. Kxa8 Kc8 81. Ne7+ Kc7 82. Nc6 Kc8 1/2-1/2

[Event "Madrid-ch Previa A"]
[Site "Madrid ESP"]
[Date "2014.02.10"]
[Round "4.19"]
[White "Fuster Aguilo, Juan"]
[Black "Ramos Antona, Enrique"]
[Result "1-0"]
[WhiteElo "1775"]
[BlackElo "1643"]
[PlyCount "81"]
[EventDate "2014.02.03"]
[EventType "swiss"]
[EventRounds "9"]
[EventCountry "ESP"]
[Source "lmi"]
[SourceDate "2014.02.03"]

1. e4 d6 2. d4 Nf6 3. Nc3 g6 4. Nf3 Bg7 5. Be2 O-O 6. O-O a6 7. a4 Nfd7 8. Re1
h6 9. Be3 e5 10. Qd2 Kh7 11. Rad1 Nc6 12. g3 Ne7 13. Bf1 f5 14. dxe5 Nxe5 15.
Nxe5 Bxe5 16. Bxh6 Re8 17. Bg5 Qd7 18. exf5 Qxf5 19. f4 Bxc3 20. Qxc3 Qf7 21.
Qf6 Qxf6 22. Bxf6 Bg4 23. Rd3 Nc6 24. Rde3 Rxe3 25. Rxe3 Bd7 26. b3 Re8 27.
Rxe8 Bxe8 28. Bh3 Nb4 29. c3 Nd5 30. Bd8 Nxc3 31. Bxc7 d5 32. Bb6 Bc6 33. Kf2
Na2 34. a5 Nc1 35. f5 Nxb3 36. f6 d4 37. Be6 Nd2 38. f7 Ne4+ 39. Ke1 d3 40. Be3
d2+ 41. Bxd2 1-0

[Event "Madrid-ch Previa A"]
[Site "Madrid ESP"]
[Date "2014.02.10"]
[Round "4.23"]
[White "Corredor Gonzalez, Angel L"]
[Black "Buergo Villanueva, Fernando"]
[Result "1-0"]
[WhiteElo "1750"]
[BlackElo "1321"]
[PlyCount "55"]
[EventDate "2014.02.03"]
[EventType "swiss"]
[EventRounds "9"]
[EventCountry "ESP"]
[Source "lmi"]
[SourceDate "2014.02.03"]

1. e4 c6 2. Nc3 d5 3. Nf3 Bg4 4. h3 Bh5 5. exd5 cxd5 6. Bb5+ Nd7 7. Nxd5 e6 8.
Nf4 Bxf3 9. Qxf3 a6 10. Ba4 b5 11. Bb3 Ngf6 12. O-O Be7 13. Re1 Nc5 14. Qc6+
Nfd7 15. d4 Rc8 16. Qf3 Nxb3 17. Qxb3 Rc4 18. c3 Qb6 19. Be3 Qb7 20. a4 b4 21.
Qxc4 Qe4 22. Qc8+ Bd8 23. Nxe6 fxe6 24. Bg5 Qxe1+ 25. Rxe1 Kf7 26. Qxd7+ Kg6
27. Qxe6+ Kxg5 28. Re5+ 1-0

[Event "Madrid-ch Previa A"]
[Site "Madrid ESP"]
[Date "2014.02.10"]
[Round "4.25"]
[White "Quijano Cabrera, Adelardo"]
[Black "Martin Rodriguez, Jose Luis"]
[Result "1-0"]
[WhiteElo "1710"]
[BlackElo "1385"]
[PlyCount "127"]
[EventDate "2014.02.03"]
[EventType "swiss"]
[EventRounds "9"]
[EventCountry "ESP"]
[Source "lmi"]
[SourceDate "2014.02.03"]

1. d4 Nf6 2. c4 e6 3. Nc3 Bb4 4. f3 c5 5. d5 d6 6. e4 exd5 7. cxd5 O-O 8. Bd3
Re8 9. Nge2 Nbd7 10. a3 Bxc3+ 11. Nxc3 Ne5 12. Bf4 Bd7 13. Bxe5 dxe5 14. Qc2
Qb6 15. Ke2 Rac8 16. b3 Nh5 17. g3 a6 18. Rab1 Qd6 19. a4 Rb8 20. Qd2 h6 21.
Qe3 Rf8 22. Rhf1 Nf6 23. f4 Ng4 24. Qg1 Rbc8 25. h3 Nf6 26. f5 Qe7 27. g4 Nh7
28. Qg3 Qd6 29. h4 Nf6 30. Rh1 Rfe8 31. h5 Nh7 32. Qe3 Ng5 33. Rhc1 Qe7 34. Nd1
Nh7 35. Nf2 Ng5 36. Nh3 Nxh3 37. Qxh3 Qg5 38. Qf3 Qf4 39. Qxf4 exf4 40. Kf3 g5
41. hxg6 fxg6 42. Kxf4 g5+ 43. Kf3 Re5 44. a5 Kf7 45. b4 Bb5 46. Bxb5 axb5 47.
Rxc5 Rxc5 48. bxc5 Re8 49. Rxb5 Re7 50. Rb6 Rc7 51. c6 bxc6 52. Rxc6 Rb7 53.
Rxh6 Rb3+ 54. Kf2 Rb2+ 55. Ke3 Rb3+ 56. Kd4 Ra3 57. a6 Rg3 58. Ke5 Ra3 59. Rc6
Ke7 60. Rc7+ Kd8 61. Rc6 Ke7 62. f6+ Kf7 63. Kf5 Ra5 64. Kxg5 1-0

[Event "Madrid-ch Previa A"]
[Site "Madrid ESP"]
[Date "2014.02.10"]
[Round "4.26"]
[White "Marcelo de la Mata, Daniel"]
[Black "Ojosnegros Martin, Angel"]
[Result "1-0"]
[WhiteElo "1668"]
[BlackElo "1532"]
[PlyCount "55"]
[EventDate "2014.02.03"]
[EventType "swiss"]
[EventRounds "9"]
[EventCountry "ESP"]
[Source "lmi"]
[SourceDate "2014.02.03"]

1. e4 e5 2. Nc3 Nf6 3. f4 d5 4. fxe5 Nxe4 5. Nf3 Nxc3 6. dxc3 Be7 7. Bf4 c5 8.
Bb5+ Nc6 9. O-O Be6 10. b3 Qc7 11. Qe1 O-O-O 12. Bd3 h6 13. c4 dxc4 14. Bxc4
Rhf8 15. Qe2 g5 16. Bg3 Qb6 17. c3 g4 18. Nh4 Bxh4 19. Bxh4 Bxc4 20. bxc4 Rde8
21. Qxg4+ Kb8 22. Qg7 Nxe5 23. Bg3 Qd6 24. Rad1 Qe7 25. Rde1 f6 26. Rxe5 fxe5
27. Rxf8 Qxg7 28. Rxe8+ 1-0

[Event "Madrid-ch Previa A"]
[Site "Madrid ESP"]
[Date "2014.02.10"]
[Round "4.27"]
[White "Cortijo Manso, Luis"]
[Black "Dominguez Afonso, Ayraldo"]
[Result "1-0"]
[WhiteElo "1554"]
[BlackElo "1508"]
[PlyCount "63"]
[EventDate "2014.02.03"]
[EventType "swiss"]
[EventRounds "9"]
[EventCountry "ESP"]
[Source "lmi"]
[SourceDate "2014.02.03"]

1. d4 d5 2. c4 c6 3. Nf3 Nf6 4. g3 Bf5 5. Bg2 Qd7 6. O-O Bh3 7. Nc3 Bxg2 8.
Kxg2 e6 9. cxd5 exd5 10. Bf4 Bd6 11. Bg5 Qe6 12. Re1 O-O 13. Qc2 h6 14. Bxf6
Qxf6 15. e4 Qd8 16. exd5 cxd5 17. Qb3 Nd7 18. Nxd5 Rb8 19. Nc3 Nf6 20. Nb5 a6
21. Nxd6 Qxd6 22. Rac1 Nd5 23. a3 Rfd8 24. Rcd1 Ne7 25. Ne5 Qf6 26. Qf3 Nf5 27.
Qf4 Rd6 28. Nc4 Rxd4 29. Qxb8+ Kh7 30. Rxd4 Nxd4 31. Qf4 Qc6+ 32. Qe4+ 1-0

[Event "Madrid-ch Previa A"]
[Site "Madrid ESP"]
[Date "2014.02.10"]
[Round "4.28"]
[White "Benito Mellado, Humberto"]
[Black "Enriquez Pastor, Jorge"]
[Result "1/2-1/2"]
[WhiteElo "1522"]
[BlackElo "1413"]
[PlyCount "98"]
[EventDate "2014.02.03"]
[EventType "swiss"]
[EventRounds "9"]
[EventCountry "ESP"]
[Source "lmi"]
[SourceDate "2014.02.03"]

1. d4 d5 2. c4 c6 3. Nc3 Nf6 4. Nf3 Bf5 5. Nh4 Bg6 6. Nxg6 hxg6 7. Bg5 Nbd7 8.
e3 e6 9. Qb3 Qb6 10. Qxb6 Nxb6 11. cxd5 Nbxd5 12. a3 Be7 13. Bd3 O-O 14. O-O
Rfe8 15. e4 Nxc3 16. bxc3 Nd7 17. Bd2 e5 18. d5 Nc5 19. Bc2 cxd5 20. exd5 Red8
21. c4 b5 22. Ba5 Rd7 23. cxb5 Rxd5 24. a4 f5 25. Bb4 Kf8 26. Rad1 Rad8 27. Ba5
R8d7 28. Rxd5 Rxd5 29. Bc7 Bd6 30. b6 axb6 31. Bxb6 Ke7 32. Rb1 Rd2 33. Bd1 Ra2
34. a5 Nb7 35. g3 Nxa5 36. Bxa5 Rxa5 37. Rb7+ Kf6 38. Bb3 Be7 39. h4 Ra6 40.
Kg2 e4 41. Bc4 Rd6 42. Kf1 Rd8 43. Ke2 Rd6 44. Ke3 Rc6 45. Kd4 Rd6+ 46. Bd5 Rd8
47. Rc7 Rd6 48. Rb7 Rd8 49. Rc7 Rd6 1/2-1/2

[Event "Madrid-ch Previa A"]
[Site "Madrid ESP"]
[Date "2014.02.11"]
[Round "5.2"]
[White "Fernandez Garcia, Ignacio"]
[Black "Ore Leon, Gustavo"]
[Result "1-0"]
[WhiteElo "1903"]
[BlackElo "1814"]
[PlyCount "86"]
[EventDate "2014.02.03"]
[EventType "swiss"]
[EventRounds "9"]
[EventCountry "ESP"]
[Source "lmi"]
[SourceDate "2014.02.03"]

1. e4 c5 2. Nf3 d6 3. Bc4 e6 4. c3 Nf6 5. d3 a6 6. Bb3 Nc6 7. Bg5 Be7 8. Nbd2
h6 9. Bh4 O-O 10. Nf1 b5 11. Bc2 Bb7 12. Ne3 Qa5 13. g4 b4 14. Nc4 Qc7 15. g5
hxg5 16. Nxg5 d5 17. Bg3 Qd8 18. Nd2 Nd7 19. h4 Bxg5 20. hxg5 Qxg5 21. Qe2 bxc3
22. bxc3 Nce5 23. Rh5 Qg4 24. Bxe5 Nxe5 25. Rxe5 Qg1+ 26. Nf1 dxe4 27. dxe4 a5
28. O-O-O Ba6 29. c4 Qg6 30. Rh5 Bxc4 31. Bd3 Bxd3 32. Rxd3 Qf6 33. e5 Qf4+ 34.
Nd2 Rfd8 35. Rdh3 f5 36. R3h4 Rxd2 37. Qxd2 Qxe5 38. Rh8+ Kf7 39. Rxa8 Qa1+ 40.
Kc2 Qxa2+ 41. Kd1 Qb3+ 42. Kc1 c4 43. Ra7+ Kg6 1-0

[Event "Madrid-ch Previa A"]
[Site "Madrid ESP"]
[Date "2014.02.11"]
[Round "5.3"]
[White "Gonzalez Recas, Fernando"]
[Black "Santamaria Baeza, A."]
[Result "1-0"]
[WhiteElo "1796"]
[BlackElo "1928"]
[PlyCount "113"]
[EventDate "2014.02.03"]
[EventType "swiss"]
[EventRounds "9"]
[EventCountry "ESP"]
[Source "lmi"]
[SourceDate "2014.02.03"]

1. e4 e5 2. Nf3 Nc6 3. Bb5 Bc5 4. c3 Qf6 5. d3 h6 6. Nbd2 Nge7 7. Nf1 O-O 8.
Be3 Bb6 9. Bxb6 axb6 10. Ne3 d6 11. d4 Nd8 12. dxe5 dxe5 13. Bd7 Ne6 14. Bxc8
Raxc8 15. O-O Rfd8 16. Qc2 Nf4 17. Ng4 Qg6 18. Nfxe5 Qg5 19. h3 Rd2 20. Qb3
Ne2+ 21. Kh1 Qf4 22. Nf3 Rd3 23. Nge5 Rcd8 24. Nxd3 Rxd3 25. Qc4 Qd6 26. Ne5
Qxe5 27. Qxd3 Nf4 28. Qf3 Neg6 29. Rg1 Nh4 30. Qg4 g5 31. Qc8+ Kg7 32. Qxb7 Nd3
33. Raf1 Qf4 34. Qd5 Nxf2+ 35. Rxf2 Qxf2 36. Qd4+ Qxd4 37. cxd4 Kf6 38. Rf1+
Ke7 39. g3 Ng6 40. Kg2 Ke6 41. Kf3 h5 42. Ke3 f6 43. a4 Nf8 44. b4 Nd7 45. h4
c5 46. bxc5 bxc5 47. a5 Kd6 48. hxg5 cxd4+ 49. Kxd4 fxg5 50. Rf5 h4 51. Rxg5
hxg3 52. Rxg3 Ne5 53. Rc3 Nd7 54. a6 Nb6 55. e5+ Ke7 56. Rb3 Nc8 57. a7 1-0

[Event "Madrid-ch Previa A"]
[Site "Madrid ESP"]
[Date "2014.02.11"]
[Round "5.4"]
[White "De La Fuente Ebro, Miguel Angel"]
[Black "Martin-Consuegra Barrilero, Javier"]
[Result "1-0"]
[WhiteElo "1772"]
[BlackElo "1853"]
[PlyCount "80"]
[EventDate "2014.02.03"]
[EventType "swiss"]
[EventRounds "9"]
[EventCountry "ESP"]
[Source "lmi"]
[SourceDate "2014.02.03"]

1. d4 d6 2. Nf3 Nf6 3. c4 c6 4. Nc3 Nbd7 5. e4 e5 6. d5 a5 7. Bd3 Be7 8. O-O
O-O 9. h3 Nc5 10. Be3 Nxd3 11. Qxd3 c5 12. b3 Ne8 13. Qd2 f5 14. exf5 Bxf5 15.
Ng5 Bxg5 16. Bxg5 Qd7 17. f3 h6 18. Be3 Nf6 19. Rfe1 Rae8 20. Rad1 Bg6 21. Bf2
Nh5 22. Ne4 b6 23. Be3 Rf7 24. Nf2 Ng3 25. Bxh6 gxh6 26. Ng4 Nf5 27. Nxh6+ Nxh6
28. Qxh6 Rg7 29. Qe3 Rf8 30. Re2 Be8 31. Kh2 Qf5 32. Rde1 Rf6 33. Rh1 Bd7 34.
Kg1 Qxf3 35. Qxf3 Rxf3 36. h4 Rf6 37. h5 Kh7 38. a3 Kh6 39. Re3 Bg4 40. Reh3
Bxh3 1-0

[Event "Madrid-ch Previa A"]
[Site "Madrid ESP"]
[Date "2014.02.11"]
[Round "5.5"]
[White "Jimenez Gonzalez, Marcos"]
[Black "Caamano Jimenez, Luis"]
[Result "1/2-1/2"]
[WhiteElo "1852"]
[BlackElo "1772"]
[PlyCount "51"]
[EventDate "2014.02.03"]
[EventType "swiss"]
[EventRounds "9"]
[EventCountry "ESP"]
[Source "lmi"]
[SourceDate "2014.02.03"]

1. c4 c5 2. g3 Nc6 3. Nc3 g6 4. Bg2 Bg7 5. Nf3 d6 6. O-O Nf6 7. d3 O-O 8. h3 a6
9. a3 Qc7 10. Rb1 Bd7 11. Be3 e6 12. Qd2 Rfe8 13. b4 b6 14. bxc5 bxc5 15. Bh6
Bh8 16. Be3 Rab8 17. Rxb8 Rxb8 18. Rb1 Rxb1+ 19. Nxb1 Qb8 20. Qc2 Bg7 21. Nbd2
e5 22. Qb3 Qxb3 23. Nxb3 a5 24. Bd2 a4 25. Na5 Nxa5 26. Bxa5 1/2-1/2

[Event "Madrid-ch Previa A"]
[Site "Madrid ESP"]
[Date "2014.02.11"]
[Round "5.6"]
[White "Saber, Salah"]
[Black "Cisneros Rodriguez, Amick"]
[Result "1/2-1/2"]
[WhiteElo "1845"]
[BlackElo "1711"]
[PlyCount "59"]
[EventDate "2014.02.03"]
[EventType "swiss"]
[EventRounds "9"]
[EventCountry "ESP"]
[Source "lmi"]
[SourceDate "2014.02.03"]

1. e4 c6 2. f4 d5 3. e5 h5 4. Nf3 Qb6 5. d4 Bf5 6. Bd3 Nh6 7. Be3 e6 8. c3 c5
9. O-O Be7 10. Qb3 Qc7 11. Bb5+ Nc6 12. h3 O-O 13. Kh2 cxd4 14. cxd4 Nb4 15.
Na3 Rac8 16. Bd2 Qa5 17. Rac1 a6 18. Be2 Be4 19. Ng5 Nf5 20. Rxc8 Rxc8 21. Bxh5
g6 22. Bg4 Nxd4 23. Qg3 Nf5 24. Bxf5 Bxf5 25. Qh4 Bxg5 26. Qxg5 Qb6 27. Rf3 Nd3
28. h4 Qd8 29. Qh6 Qf8 30. Qg5 1/2-1/2

[Event "Madrid-ch Previa A"]
[Site "Madrid ESP"]
[Date "2014.02.11"]
[Round "5.7"]
[White "Quispe Arteaga, Gabriel"]
[Black "Montes De Santiago, Fernando"]
[Result "1/2-1/2"]
[WhiteElo "1556"]
[BlackElo "1826"]
[PlyCount "45"]
[EventDate "2014.02.03"]
[EventType "swiss"]
[EventRounds "9"]
[EventCountry "ESP"]
[Source "lmi"]
[SourceDate "2014.02.03"]

1. d4 Nf6 2. Nf3 e6 3. e3 d5 4. c4 c5 5. Nc3 Nc6 6. cxd5 exd5 7. Bb5 a6 8. Bd3
Bg4 9. dxc5 Bxc5 10. Be2 O-O 11. O-O Bf5 12. a3 Re8 13. b4 Ba7 14. Bb2 d4 15.
exd4 Nxd4 16. Nxd4 Bxd4 17. Bf3 Ne4 18. Bxe4 Bxe4 19. Re1 Bxc3 20. Bxc3 Qg5 21.
f3 Bc6 22. Qd2 Qg6 23. Qf2 1/2-1/2

[Event "Madrid-ch Previa A"]
[Site "Madrid ESP"]
[Date "2014.02.11"]
[Round "5.8"]
[White "Hernandez Garcia, Carlos"]
[Black "Veiga Rodriguez, Pablo"]
[Result "1/2-1/2"]
[WhiteElo "1819"]
[BlackElo "1593"]
[PlyCount "141"]
[EventDate "2014.02.03"]
[EventType "swiss"]
[EventRounds "9"]
[EventCountry "ESP"]
[Source "lmi"]
[SourceDate "2014.02.03"]

1. e4 e6 2. d4 d5 3. Nd2 Nf6 4. e5 Nfd7 5. Ngf3 c5 6. c3 Nc6 7. Be2 cxd4 8.
cxd4 Qb6 9. Nb3 a5 10. Be3 Bb4+ 11. Nbd2 O-O 12. O-O f6 13. exf6 Nxf6 14. Bd3
Bd6 15. b3 Bd7 16. Ne5 Nxd4 17. Nxd7 Nxd7 18. Qg4 Bc5 19. Rac1 Nf6 20. Qh4 e5
21. Bxd4 Bxd4 22. Be2 e4 23. Kh1 Rfe8 24. Rcd1 Bc3 25. Nb1 Qb4 26. Qg3 Be5 27.
Qh4 Rac8 28. Rc1 Bb2 29. Rxc8 Rxc8 30. Bg4 Nxg4 31. Qxg4 Rc6 32. Qd7 h6 33.
Qxd5+ Kh8 34. Rd1 Rc1 35. Rxc1 Bxc1 36. Qd1 Bg5 37. Qe2 Qd4 38. h3 Qd3 39. Qxd3
exd3 40. Nc3 Bd2 41. Nd1 g5 42. g3 Bb4 43. Kg2 Kg7 44. Kf3 Kf6 45. Ke4 d2 46.
Kd3 Kg6 47. a3 Bxa3 48. Kxd2 b5 49. Nc3 Bb4 50. Kd3 Bxc3 51. Kxc3 a4 52. bxa4
bxa4 53. Kb4 Kf5 54. f3 Ke5 55. Kxa4 Kd4 56. h4 gxh4 57. gxh4 h5 58. Kb3 Ke3
59. Kc2 Kxf3 60. Kd1 Kg3 61. Ke2 Kxh4 62. Kf2 Kh3 63. Kg1 Kg3 64. Kh1 Kf3 65.
Kh2 Kg4 66. Kg2 h4 67. Kh2 h3 68. Kg1 Kf3 69. Kh2 Kg4 70. Kg1 Kg3 71. Kh1
1/2-1/2

[Event "Madrid-ch Previa A"]
[Site "Madrid ESP"]
[Date "2014.02.11"]
[Round "5.9"]
[White "Hernandez Gutierrez, Jose"]
[Black "Garcia Fernandez, Jesus"]
[Result "0-1"]
[WhiteElo "1852"]
[BlackElo "1887"]
[PlyCount "152"]
[EventDate "2014.02.03"]
[EventType "swiss"]
[EventRounds "9"]
[EventCountry "ESP"]
[Source "lmi"]
[SourceDate "2014.02.03"]

1. d4 Nf6 2. c4 c5 3. d5 b5 4. cxb5 a6 5. bxa6 g6 6. Nc3 Bxa6 7. e4 Bxf1 8.
Kxf1 d6 9. Nf3 Bg7 10. g3 O-O 11. Kg2 Nbd7 12. h3 Ra6 13. Qd3 Qa8 14. a3 e6 15.
Re1 exd5 16. Nxd5 Nxd5 17. exd5 Rb8 18. Rb1 Nb6 19. Rd1 Na4 20. Rd2 Bh6 21. b3
Bxd2 22. Qxd2 Qb7 23. b4 Rb6 24. Qc2 Ra8 25. Bf4 cxb4 26. Rxb4 Rxb4 27. axb4
Qxd5 28. Qc7 Nb2 29. Qxd6 Qxd6 30. Bxd6 Nd3 31. Ne5 Ra6 32. Nxd3 Rxd6 33. Nf4
Rd4 34. h4 Rxb4 35. Nd5 Rb2 36. g4 Kg7 37. Kg3 h6 38. Nf4 Rb3+ 39. f3 Ra3 40.
h5 g5 41. Nd5 Ra5 42. Ne3 Kf6 43. Ng2 Ra3 44. Ne1 Rc3 45. Ng2 Ke5 46. Kf2 Rc2+
47. Kg3 Rc3 48. Kf2 f5 49. gxf5 Kxf5 50. Ne3+ Ke6 51. Ng4 Kf5 52. Kg3 Rc6 53.
Ne3+ Ke5 54. Ng4+ Kd4 55. Kf2 Re6 56. Kg3 Kd3 57. Kf2 Re2+ 58. Kg3 Re6 59. Kf2
Kd4 60. Kg3 Ra6 61. Kf2 Ra2+ 62. Kg3 Ra6 63. Kf2 Kd3 64. Ne5+ Kd2 65. Ng4 Kd1
66. Kg3 Ke2 67. Kg2 Rb6 68. Nh2 Rb4 69. Kg3 Rh4 70. Ng4 Rxh5 71. f4 Rh4 72.
fxg5 hxg5 73. Nh2 Rxh2 74. Kxh2 Kf3 75. Kg1 Kg3 76. Kf1 Kh2 0-1

[Event "Madrid-ch Previa A"]
[Site "Madrid ESP"]
[Date "2014.02.11"]
[Round "5.10"]
[White "Algaba Traspuesto, Jose Antonio"]
[Black "Diaz Begonte, Manuel"]
[Result "1-0"]
[WhiteElo "1721"]
[BlackElo "1783"]
[PlyCount "73"]
[EventDate "2014.02.03"]
[EventType "swiss"]
[EventRounds "9"]
[EventCountry "ESP"]
[Source "lmi"]
[SourceDate "2014.02.03"]

1. d4 d5 2. e3 Bf5 3. c4 e6 4. cxd5 Qxd5 5. Nc3 Bb4 6. Bd2 Bxc3 7. Bxc3 Nf6 8.
f3 Qd8 9. Qb3 b6 10. e4 Bg6 11. Bc4 O-O 12. Ne2 Nbd7 13. Nf4 Bxe4 14. fxe4 Nxe4
15. O-O Ndf6 16. Rad1 c6 17. Bxe6 Nxc3 18. bxc3 Qd6 19. Bf5 Rad8 20. Bc2 Ng4
21. Rde1 Rde8 22. Rxe8 Rxe8 23. g3 Qe7 24. Ng2 h5 25. Bd1 Ne3 26. Re1 Qg5 27.
Nxe3 Rxe3 28. Rxe3 Qxe3+ 29. Kg2 Qd2+ 30. Kh3 h4 31. Bh5 Qf2 32. Qd1 hxg3 33.
hxg3 Qxa2 34. Qf3 Qe6+ 35. Bg4 Qh6+ 36. Kg2 Qd2+ 37. Qe2 1-0

[Event "Madrid-ch Previa A"]
[Site "Madrid ESP"]
[Date "2014.02.11"]
[Round "5.11"]
[White "Olano Lanchas, Dionisio"]
[Black "Perez Cameselle, Francisco Jose"]
[Result "0-1"]
[WhiteElo "1761"]
[BlackElo "1895"]
[PlyCount "86"]
[EventDate "2014.02.03"]
[EventType "swiss"]
[EventRounds "9"]
[EventCountry "ESP"]
[Source "lmi"]
[SourceDate "2014.02.03"]

1. e4 e6 2. d4 d5 3. exd5 exd5 4. Nf3 Bd6 5. Bd3 Ne7 6. O-O O-O 7. h3 Nbc6 8.
c3 Bf5 9. Bg5 Bxd3 10. Qxd3 Qd7 11. Nbd2 a6 12. b4 f6 13. Be3 Nf5 14. Nb3 Nxe3
15. fxe3 b6 16. Rae1 a5 17. b5 Ne7 18. a4 c6 19. c4 cxb5 20. c5 Bg3 21. Rc1
bxa4 22. c6 Nxc6 23. Qb5 Ne5 24. Qxd7 Nxd7 25. Nbd2 Rfe8 26. Rc3 Re6 27. Rfc1
Rae8 28. Nf1 Bd6 29. Nh4 g6 30. Nf3 b5 31. N3d2 Nb6 32. Kf2 Bb4 33. R3c2 Bxd2
34. Rxd2 Nc4 35. Re2 a3 36. Rc3 b4 37. Rb3 Rb6 38. Nd2 Nxd2 39. Rxd2 a4 40. Rb1
b3 41. Rdd1 b2 42. Rd2 a2 43. Rbxb2 Rxb2 0-1

[Event "Madrid-ch Previa A"]
[Site "Madrid ESP"]
[Date "2014.02.11"]
[Round "5.12"]
[White "Crespo Villalba, Israel"]
[Black "Martinez Miura, Enrique"]
[Result "1-0"]
[WhiteElo "1897"]
[BlackElo "1712"]
[PlyCount "57"]
[EventDate "2014.02.03"]
[EventType "swiss"]
[EventRounds "9"]
[EventCountry "ESP"]
[Source "lmi"]
[SourceDate "2014.02.03"]

1. e4 e6 2. d4 d5 3. exd5 exd5 4. Nf3 Nf6 5. Bd3 Be7 6. O-O O-O 7. h3 Nbd7 8.
c4 dxc4 9. Bxc4 Nb6 10. Bb3 h6 11. Nc3 Nbd5 12. a3 c6 13. Re1 Re8 14. Qd3 Be6
15. Bc2 Rc8 16. Bd2 c5 17. dxc5 Rxc5 18. Nd4 Nxc3 19. Bxc3 Bc4 20. Qd2 Nd5 21.
Nf5 Bg5 22. Qd4 Rxe1+ 23. Rxe1 Bf6 24. Qxc5 Nxc3 25. Qxc4 Qd2 26. Re8+ Kh7 27.
Ne3+ g6 28. Qxf7+ Bg7 29. Bxg6# 1-0

[Event "Madrid-ch Previa A"]
[Site "Madrid ESP"]
[Date "2014.02.11"]
[Round "5.13"]
[White "Fernandez Aransay, Fernando"]
[Black "Corredor Gonzalez, Angel L"]
[Result "1-0"]
[WhiteElo "1886"]
[BlackElo "1750"]
[PlyCount "107"]
[EventDate "2014.02.03"]
[EventType "swiss"]
[EventRounds "9"]
[EventCountry "ESP"]
[Source "lmi"]
[SourceDate "2014.02.03"]

1. e4 e5 2. Nf3 Nf6 3. Nxe5 d6 4. Nf3 Nxe4 5. d3 Nf6 6. d4 Bg4 7. c4 Nc6 8. Be3
Be7 9. Nc3 O-O 10. Be2 Re8 11. O-O Bf8 12. h3 Bh5 13. g4 Bg6 14. Bg5 h6 15. Bf4
Qd7 16. Nh4 Bh7 17. Bg3 Ne4 18. Nxe4 Bxe4 19. Qd2 Be7 20. Ng2 Bf6 21. d5 Nd4
22. Bd1 Bf3 23. Bh4 g5 24. Bg3 Re7 25. Qd3 Be4 26. Qa3 Rae8 27. Ne3 a6 28. Rc1
Bg7 29. c5 Nb5 30. Qb4 Bd4 31. cxd6 cxd6 32. a4 Bc5 33. Qc4 Nc7 34. Nf5 Bxf5
35. gxf5 Qxf5 36. b4 Re4 37. Qc2 Bxf2+ 38. Qxf2 Qxf2+ 39. Bxf2 Nxd5 40. Bf3
R4e5 41. Rfe1 Nxb4 42. Rxe5 dxe5 43. Rc7 e4 44. Bh5 Rf8 45. Bc5 Nd5 46. Rxb7 e3
47. Bxf8 Kxf8 48. Rxf7+ Kg8 49. Rf1 Nf4 50. Bg4 Kg7 51. Re1 h5 52. Bc8 e2 53.
a5 Nxh3+ 54. Bxh3 1-0